[Event "SV Ahlen 1 - SK Sodingen/Castrop 1"]
[Site "Regionalliga 2017/2018"]
[Date "2018.01.21"]
[Round "5.2"]
[White "Torres-Kuckel, Rafael"]
[Black "Waldschmidt, Georg"]
[Result "0-1"]
[WhiteElo "2070"]
[BlackElo "2209"]
[PlyCount "106"]
[EventDate "2018.??.??"]

1. e4 c5 2. Nf3 e6 3. d4 cxd4 4. Nxd4 Nf6 5. Nc3 Nc6 6. Nb3 d6 7. Be2 Be7 8.
O-O O-O 9. Kh1 a6 10. a4 b6 11. f4 Bb7 12. Bf3 Qc7 13. Be3 Rfe8 14. Qe2 Rab8
15. g4 Bf8 16. g5 Nd7 17. Rae1 Nb4 18. Qg2 g6 19. Qd2 Rbc8 20. Bg2 Bg7 21. Nd4
e5 22. Nf3 exf4 23. Bxf4 Ne5 24. Nxe5 Bxe5 25. Bxe5 Rxe5 26. Rf6 Rd8 27. Ref1
Rd7 28. Bh3 Rde7 29. Qxd6 Qxd6 30. Rxd6 Rxg5 31. Rxb6 Nxc2 32. Nd5 Bxd5 33.
exd5 Rxd5 34. Rxa6 Rd2 35. Bg4 Ne3 36. Ra8+ Kg7 37. Re1 Rxb2 38. Bf3 Ra2 39. a5
f5 40. a6 Kf6 41. Bb7 Kg5 42. Rc8 f4 43. Rcc1 Re5 44. Rc7 h5 45. Rf7 Rf5 46.
Rxf5+ Kxf5 47. h4 Kg4 48. Rg1+ Kh3 49. Bc8+ Ng4 50. Rf1 Kxh4 51. Rxf4 Kg3 52.
Rf1 Rh2+ 53. Kg1 Rg2+ 0-1

[Event "SV Ahlen 1 - SK Sodingen/Castrop 1"]
[Site "Regionalliga 2017/2018"]
[Date "2018.01.21"]
[Round "5.3"]
[White "Boehnke, Martin"]
[Black "Volesky, Karl-Heinz"]
[Result "1-0"]
[WhiteElo "2118"]
[BlackElo "2050"]
[PlyCount "151"]
[EventDate "2018.??.??"]

1. d4 Nf6 2. c4 e6 3. g3 Bb4+ 4. Bd2 c5 5. Bxb4 cxb4 6. Bg2 O-O 7. e4 d6 8. Ne2
e5 9. a3 bxa3 10. Rxa3 Nc6 11. O-O a5 12. Nbc3 Re8 13. Qd2 Qb6 14. Nb5 Nxd4 15.
Nexd4 exd4 16. Re1 Bd7 17. Qxd4 Qxd4 18. Nxd4 Rac8 19. Bf1 b6 20. Rb3 Rb8 21.
f3 d5 22. cxd5 Nxd5 23. Rc1 Nb4 24. Rc7 Red8 25. Nb5 Be6 26. Rbc3 Rd1 27. Rc1
Rbd8 28. Rxd1 Rxd1 29. Nc3 Rd2 30. Rb7 g6 31. Na4 Bb3 32. Nxb6 Rxb2 33. Nc4 Ra2
34. Nxa5 Rxa5 35. Rxb4 Be6 36. Rb2 Ra1 37. Kf2 Kg7 38. Bd3 Rh1 39. Ke3 Ra1 40.
Kf4 Ra3 41. Be2 Kf6 42. h4 h6 43. e5+ Kg7 44. Rb4 Bd5 45. Rd4 Ra5 46. Bd3 Rc5
47. Ke3 Be6 48. f4 Rc3 49. Kd2 Ra3 50. Rd6 h5 51. Ra6 Rxa6 52. Bxa6 Kf8 53. Ke3
Ke7 54. Bd3 Kf8 55. f5 gxf5 56. Kf4 Kg7 57. Kg5 f4 58. gxf4 Bg4 59. f5 Bd1 60.
Bb5 Bf3 61. Bd7 Be2 62. Bc6 Bg4 63. Kf4 Kh6 64. Bf3 Bh3 65. Bd5 Kg7 66. Kg5 Bg4
67. f6+ Kg8 68. Kf4 Kh7 69. Bf3 Be6 70. Bxh5 Kh6 71. Bg4 Bd5 72. Ke3 Kg6 73.
Kd4 Ba2 74. Kc5 Bb3 75. Kd6 Ba2 76. Ke7 1-0

[Event "SV Ahlen 1 - SK Sodingen/Castrop 1"]
[Site "Regionalliga 2017/2018"]
[Date "2018.01.21"]
[Round "5.4"]
[White "Woestmann, Ulrich"]
[Black "Graw, Christopher"]
[Result "1-0"]
[WhiteElo "1989"]
[BlackElo "2163"]
[PlyCount "71"]
[EventDate "2018.??.??"]

1. e4 c5 2. Nc3 Nc6 3. g3 g6 4. Bg2 Bg7 5. d3 e6 6. f4 Nge7 7. Nf3 d5 8. e5 b5
9. O-O b4 10. Nb1 a5 11. Be3 Qb6 12. Nbd2 Nf5 13. Bf2 h5 14. c4 d4 15. Ne4 Bb7
16. h3 Rd8 17. Qe2 Nce7 18. Nfg5 Nc8 19. g4 Nfe7 20. Bg3 Kf8 21. Rf2 hxg4 22.
hxg4 Bh6 23. Raf1 Rd7 24. Nf6 Rc7 25. Ngh7+ Kg7 26. g5 Rxh7 27. Nxh7 Nf5 28.
Nf6 Nxg3 29. gxh6+ Kh8 30. Qg4 Bxg2 31. Qxg3 Bxf1 32. Kxf1 Ne7 33. Qg5 Nf5 34.
Ne4 Kh7 35. Qf6 Kxh6 36. Rh2+ 1-0

[Event "SV Ahlen 1 - SK Sodingen/Castrop 1"]
[Site "Regionalliga 2017/2018"]
[Date "2018.01.21"]
[Round "5.5"]
[White "Mueller, Frank"]
[Black "Volesky, Alexander"]
[Result "1-0"]
[WhiteElo "1996"]
[BlackElo "1967"]
[PlyCount "105"]
[EventDate "2018.??.??"]

1. e4 c5 2. Nc3 e6 3. Nge2 Nc6 4. g3 Nf6 5. Bg2 Qc7 6. d3 a6 7. h3 b5 8. Be3
Bb7 9. O-O Be7 10. a3 O-O 11. f4 d6 12. g4 b4 13. axb4 Nxb4 14. Na4 c4 15. Bb6
Qb8 16. Ng3 Bc6 17. Be3 Bxa4 18. Rxa4 Qb5 19. Ra3 cxd3 20. cxd3 d5 21. e5 Nd7
22. d4 Nb6 23. Bc1 Nc4 24. Raf3 Nc6 25. b3 N4a5 26. Kh1 Rab8 27. f5 Bb4 28. f6
g6 29. Bh6 Rfc8 30. h4 Bf8 31. Bxf8 Kxf8 32. Qd2 Qb4 33. Qh6+ Ke8 34. Ne2 Qf8
35. Qxh7 Nxb3 36. h5 gxh5 37. gxh5 Kd7 38. Rg3 Re8 39. Rg7 Nd8 40. h6 a5 41.
Nf4 Qh8 42. Rxf7+ Nxf7 43. Qxf7+ Kc6 44. h7 Rb7 45. Bxd5+ exd5 46. Qxd5+ Kc7
47. f7 Qxh7+ 48. Kg1 Rh8 49. Qd6+ Kc8 50. f8=Q+ Rxf8 51. Qxf8+ Kc7 52. Qd6+ Kc8
53. Ng6 1-0

[Event "SV Ahlen 1 - SK Sodingen/Castrop 1"]
[Site "Regionalliga 2017/2018"]
[Date "2018.01.21"]
[Round "5.6"]
[White "Busche, Klaus"]
[Black "Rohovoy, Dmitrij"]
[Result "1-0"]
[WhiteElo "1916"]
[BlackElo "1930"]
[PlyCount "113"]
[EventDate "2018.??.??"]

1. d4 Nf6 2. Nf3 e6 3. e3 d5 4. Bd3 Bd6 5. Nbd2 c5 6. b3 Nc6 7. Bb2 O-O 8. O-O
cxd4 9. exd4 Bd7 10. a3 Ne7 11. c4 Ng6 12. g3 Rc8 13. c5 Bb8 14. b4 Ng4 15. Qe2
f5 16. Rae1 Nf6 17. Ne5 Nxe5 18. dxe5 Ne4 19. f4 a6 20. Nf3 Qe8 21. Nd4 Qg6 22.
Kh1 Ba7 23. Rc1 Qh6 24. Qe3 Rc7 25. Nb3 Rfc8 26. Bd4 Ba4 27. Na5 Qh3 28. Rce1
h5 29. Rf3 Qg4 30. Rff1 Kf7 31. Qe2 Qg6 32. Bxe4 dxe4 33. Nc4 Kg8 34. Nd6 Rd8
35. Qe3 Bc6 36. Kg2 Rcd7 37. Kf2 Bb8 38. Rg1 Qg4 39. h3 Qxh3 40. Rh1 Qg4 41.
Rh4 Qg6 42. Reh1 Bxd6 43. exd6 b6 44. Rxh5 bxc5 45. bxc5 Bd5 46. Rg5 Qe8 47.
Rgh5 Qg6 48. Rg5 Qe8 49. Rh6 Rb8 50. Rhg6 Rb3 51. Rxg7+ Rxg7 52. Rxg7+ Kf8 53.
d7 Qb8 54. Bc3 Rb2+ 55. Bxb2 Qxb2+ 56. Kg1 Qb8 57. Qc3 1-0

[Event "SV Ahlen 1 - SK Sodingen/Castrop 1"]
[Site "Regionalliga 2017/2018"]
[Date "2018.01.21"]
[Round "5.7"]
[White "Becker, Joerg"]
[Black "Starp, Klaus"]
[Result "1-0"]
[WhiteElo "2114"]
[BlackElo "1913"]
[PlyCount "63"]
[EventDate "2018.??.??"]

1. d4 Nf6 2. Nf3 c5 3. e3 e6 4. Bd3 d5 5. b3 Nc6 6. O-O Be7 7. Bb2 O-O 8. Nbd2
cxd4 9. exd4 Bd7 10. a3 a6 11. c4 Na7 12. Ne5 Bc6 13. Qe2 Rc8 14. f4 dxc4 15.
bxc4 Be8 16. Rf3 Nc6 17. Nb3 a5 18. Rh3 g6 19. Rb1 a4 20. Nxc6 Bxc6 21. Nd2 Qd6
22. Rf1 Rfe8 23. g4 Qc7 24. g5 Nh5 25. Qg4 Bd6 26. Rh4 f5 27. gxf6 Nxf6 28. Qg5
Rf8 29. c5 Be7 30. Bxg6 Nd5 31. Bxh7+ Kh8 32. Bf5# 1-0

[Event "SV Ahlen 1 - SK Sodingen/Castrop 1"]
[Site "Regionalliga 2017/2018"]
[Date "2018.01.21"]
[Round "5.8"]
[White "Nattermueller, Matthias"]
[Black "Schriewer, Thomas"]
[Result "0-1"]
[WhiteElo "1960"]
[BlackElo "1916"]
[PlyCount "60"]
[EventDate "2018.??.??"]

1. d4 d5 2. Bg5 c5 3. dxc5 Nc6 4. Nc3 d4 5. Ne4 Nf6 6. Bxf6 exf6 7. Qd2 Bf5 8.
Nd6+ Bxd6 9. cxd6 Qxd6 10. c3 Rd8 11. Rd1 dxc3 12. Qxd6 Rxd6 13. bxc3 Rxd1+ 14.
Kxd1 Ke7 15. Kc1 Rc8 16. f3 Be6 17. Kb2 Rd8 18. e3 Rd2+ 19. Kc1 Rxa2 20. Kb1
Ra3 21. Ne2 Na5 22. Kc2 Ra2+ 23. Kd1 Nc4 24. e4 Ne3+ 25. Ke1 Ra1+ 26. Kf2 Rxf1+
27. Rxf1 Nxf1 28. Kxf1 Bc4 29. Ke1 Bxe2 30. Kxe2 Kd6 0-1

[Event "SV Wattenscheid 2 - SC Hansa Dortmund 2"]
[Site "Regionalliga 2017/2018"]
[Date "2018.01.21"]
[Round "5.1"]
[White "Sundorf, Jannik"]
[Black "Schlehoefer, Ralf"]
[Result "0-1"]
[WhiteElo "2113"]
[BlackElo "2216"]
[PlyCount "78"]
[EventDate "2018.??.??"]

1. d4 d5 2. Nf3 e6 3. c4 c6 4. e3 Nd7 5. Nc3 f5 6. Bd3 Ngf6 7. cxd5 cxd5 8. O-O
Bd6 9. Bd2 a6 10. Ne2 Ne4 11. Nf4 Qf6 12. Be2 g5 13. Nd3 g4 14. Nfe5 Nxd2 15.
Qxd2 Nxe5 16. dxe5 Bxe5 17. Nxe5 Qxe5 18. Qb4 Bd7 19. Qxb7 Ke7 20. Qb4+ Kf6 21.
Qd2 Rhb8 22. Rab1 Bb5 23. Rfc1 Bxe2 24. Qxe2 Rb4 25. Rc2 Rab8 26. Qd2 Kg6 27.
b3 a5 28. Qc3 Qxc3 29. Rxc3 a4 30. f3 gxf3 31. gxf3 Kf6 32. Kf2 Rh4 33. Kg3 Rh6
34. h3 axb3 35. Rbxb3 Rg8+ 36. Kh2 Rg5 37. e4 Rgh5 38. f4 fxe4 39. a4 d4 0-1

[Event "SV Wattenscheid 2 - SC Hansa Dortmund 2"]
[Site "Regionalliga 2017/2018"]
[Date "2018.01.21"]
[Round "5.2"]
[White "Buchenthal, Dieter"]
[Black "Schiefelbusch, Dirk"]
[Result "1-0"]
[WhiteElo "2111"]
[BlackElo "2030"]
[PlyCount "51"]
[EventDate "2018.??.??"]

1. f4 Nf6 2. b3 e6 3. Bb2 b5 4. Na3 a6 5. c4 b4 6. Nc2 Bb7 7. e3 c5 8. Nf3 Nc6
9. Bd3 d5 10. Qe2 Be7 11. Ne5 O-O 12. O-O a5 13. Rf3 g6 14. Rh3 dxc4 15. Bxc4
Nxe5 16. fxe5 Ne4 17. d3 Ng5 18. Rg3 f5 19. h4 Nf7 20. h5 Bh4 21. Rh3 Re8 22.
e4 fxe4 23. dxe4 Qg5 24. hxg6 hxg6 25. Rf1 Re7 26. Bc1 1-0

[Event "SV Wattenscheid 2 - SC Hansa Dortmund 2"]
[Site "Regionalliga 2017/2018"]
[Date "2018.01.21"]
[Round "5.4"]
[White "Koehn, Peter"]
[Black "Linker, Walter"]
[Result "1-0"]
[WhiteElo "2163"]
[BlackElo "2027"]
[PlyCount "73"]
[EventDate "2018.??.??"]

1. c4 f5 2. Nf3 Nf6 3. g3 c6 4. Bg2 e6 5. O-O Be7 6. b3 O-O 7. Bb2 d5 8. d3 a5
9. Nbd2 Na6 10. Qc2 Qe8 11. e4 Qh5 12. Rae1 fxe4 13. dxe4 Nb4 14. Qb1 Bc5 15.
a3 Na6 16. Ne5 Nc7 17. Nd3 Ba7 18. Nf4 Qf7 19. Nf3 Nxe4 20. Ne5 Qe8 21. Rxe4
dxe4 22. Bxe4 Rf5 23. g4 Qe7 24. gxf5 Qg5+ 25. Ng2 exf5 26. h4 Qd2 27. Qd3 Qxd3
28. Bxd3 Na6 29. Rd1 Be6 30. Nf4 Nc5 31. Nxe6 Nxe6 32. Bxf5 Nf4 33. Rd7 Rf8 34.
Ng6 hxg6 35. Rxg7+ Kh8 36. Rxb7+ Kg8 37. Rg7+ 1-0

[Event "SV Wattenscheid 2 - SC Hansa Dortmund 2"]
[Site "Regionalliga 2017/2018"]
[Date "2018.01.21"]
[Round "5.5"]
[White "Hillebrand, Carsten"]
[Black "Gohla, Ulf"]
[Result "1/2-1/2"]
[WhiteElo "1849"]
[BlackElo "2120"]
[Annotator "Daniel"]
[PlyCount "99"]
[EventDate "2018.??.??"]

1. c4 e5 2. g3 Nf6 3. Bg2 d5 4. cxd5 Nxd5 5. Nc3 Nb6 6. Nf3 Nc6 7. O-O Be7 8.
a3 O-O 9. b4 Be6 10. Rb1 f6 11. d3 Nd5 12. Nxd5 Bxd5 13. Bb2 Qd7 14. Nd2 Bxg2
15. Kxg2 Kh8 16. Nf3 Rfd8 17. Qb3 Bf8 18. Rbc1 Ne7 19. Qc2 c6 20. d4 exd4 21.
Nxd4 a5 22. e4 axb4 23. axb4 Ng6 24. Qb3 Qe7 25. Ne6 Rd2 26. Bc3 $11 Rd6 27.
Nxf8 Rxf8 28. Rfe1 Rfd8 29. Qc4 Ne5 30. Bxe5 Qxe5 31. Rb1 Rd4 32. Qc2 Re8 33.
f3 Qd6 34. Qc5 Rd2+ 35. Kg1 Qd7 36. Qe3 Rd8 37. g4 Qd6 38. e5 fxe5 39. Qxe5 Kg8
40. Qxd6 R8xd6 41. Re7 Rd7 42. Rxd7 Rxd7 43. Kf2 Rd2+ 44. Kg3 g5 45. h4 h6 46.
hxg5 hxg5 47. Rc1 Kg7 48. b5 Rd6 49. bxc6 bxc6 50. f4 1/2-1/2

[Event "SV Wattenscheid 2 - SC Hansa Dortmund 2"]
[Site "Regionalliga 2017/2018"]
[Date "2018.01.21"]
[Round "5.6"]
[White "Schlange, Stefan"]
[Black "Zelt, Jens"]
[Result "1/2-1/2"]
[WhiteElo "2076"]
[BlackElo "2041"]
[PlyCount "120"]
[EventDate "2018.??.??"]

1. e4 d6 2. d4 c6 3. f4 g6 4. Nf3 Bg7 5. Nc3 e6 6. Be3 Ne7 7. Qd2 Qc7 8. Bd3
Nd7 9. e5 d5 10. O-O Nf5 11. Bf2 h5 12. h3 Nf8 13. g4 hxg4 14. hxg4 Nh6 15. Nh2
Bd7 16. Kg2 Qd8 17. g5 Nf5 18. Ng4 Qc7 19. Rh1 O-O-O 20. Rxh8 Bxh8 21. b4 b6
22. Ne2 Kb8 23. Rb1 Bc8 24. Ng1 Bg7 25. Nf3 Bb7 26. Nf6 Ka8 27. c3 Rc8 28. Be1
Nd7 29. a4 Rh8 30. Qf2 Qc8 31. Bd2 Nb8 32. Rh1 Rxh1 33. Kxh1 Nd7 34. Qh2 Nf8
35. Kg2 a6 36. Qh1 Ka7 37. Qa1 Qd8 38. Nh2 c5 39. Nf3 c4 40. Bc2 Kb8 41. Qh1
Bc6 42. Nh2 Kb7 43. Nhg4 Qc7 44. Kf2 Qd8 45. Qb1 b5 46. a5 Qe7 47. Qh1 Kc8 48.
Be1 Qd8 49. Bd1 Qe7 50. Bf3 Qd8 51. Ke2 Kb7 52. Ne3 Nxe3 53. Kxe3 Kc8 54. Bg3
Kb7 55. Ng4 Kc8 56. Ke2 Kb7 57. Ne3 Kc8 58. Bh4 Qd7 59. Ng4 Kb8 60. Nf6 Qb7
1/2-1/2

[Event "SV Wattenscheid 2 - SC Hansa Dortmund 2"]
[Site "Regionalliga 2017/2018"]
[Date "2018.01.21"]
[Round "5.7"]
[White "Lin, Yi"]
[Black "Schwebel, Markus"]
[Result "1/2-1/2"]
[WhiteElo "1740"]
[BlackElo "2036"]
[Annotator "Daniel"]
[PlyCount "83"]
[EventDate "2018.??.??"]

1. e4 e5 2. Nf3 Nf6 3. Nxe5 d6 4. Nf3 Nxe4 5. c3 d5 6. Be2 Bd6 7. O-O O-O 8. d3
Nf6 9. Bg5 h6 10. Bh4 Bg4 11. Nd4 Bd7 12. Nf3 c5 13. Na3 a6 14. Nc2 Nc6 15. Ne3
Be6 16. d4 c4 17. b3 b5 18. bxc4 bxc4 19. Rb1 g5 20. Bg3 Bxg3 21. hxg3 Ne4 22.
Qc2 $11 Qa5 23. Rfc1 Rab8 24. Rxb8 Rxb8 25. Bxc4 Nxf2 26. Bxd5 Bxd5 27. Nxd5
Qxd5 28. Qxf2 Na5 29. Ne5 Nc4 30. Nxc4 Qxc4 31. Qf6 Qxa2 32. Qxh6 Qd2 33. Rf1
Rb2 34. Qh3 Kg7 35. g4 f6 36. Qf3 Rb6 37. Rd1 Qc2 38. d5 Rb3 $11 39. d6 Rxc3
40. Qf1 Rc8 41. d7 Qc5+ 42. Qf2 1/2-1/2

[Event "SV Wattenscheid 2 - SC Hansa Dortmund 2"]
[Site "Regionalliga 2017/2018"]
[Date "2018.01.21"]
[Round "5.8"]
[White "Schmedders, Hans-Gerd"]
[Black "Zhang, Jingfu"]
[Result "1-0"]
[WhiteElo "2050"]
[BlackElo "1629"]
[Annotator "Daniel"]
[PlyCount "45"]
[EventDate "2018.??.??"]

1. d4 Nf6 2. Nf3 g6 3. g3 Bg7 4. Bg2 O-O 5. O-O d5 6. c4 e6 7. Nc3 c6 8. Qd3
dxc4 9. Qxc4 Nbd7 10. e4 Nb6 11. Qb3 Qe7 12. Bf4 Rd8 13. Rfe1 h6 14. Rad1 g5
15. Be5 Ng4 $11 16. Bxg7 Kxg7 17. e5 h5 18. Ne4 Nh6 19. Nfxg5 Nf5 20. Nf6 Nxd4
21. Qd3 Kh6 22. Qh7+ Kxg5 23. Qxh5# 1-0

[Event "SV Welper 1 - Weiße Dame Borbeck 1"]
[Site "Regionalliga 2017/2018"]
[Date "2018.01.21"]
[Round "5.1"]
[White "Loyen, Egbert"]
[Black "Sohlmann, Jan-Henning"]
[Result "1-0"]
[WhiteElo "2176"]
[BlackElo "2230"]
[PlyCount "77"]
[EventDate "2018.??.??"]

1. Nf3 g6 2. e4 Bg7 3. d4 c5 4. d5 d6 5. Nc3 Nf6 6. Bb5+ Nbd7 7. a4 O-O 8. O-O
Ne8 9. Re1 Nc7 10. Bf1 b6 11. Bf4 Bb7 12. Qd2 a6 13. Bh6 Ne5 14. Nxe5 dxe5 15.
Bxg7 Kxg7 16. Qe3 Qd6 17. g3 Bc8 18. Bg2 Bd7 19. Nb1 b5 20. Nd2 f6 21. a5 Rac8
22. f4 e6 23. c4 exd5 24. cxd5 Qe7 25. fxe5 fxe5 26. Nb3 Ne8 27. Rf1 Rxf1+ 28.
Rxf1 Nd6 29. Qf2 Nf7 30. d6 Nxd6 31. Nxc5 Nc4 32. b4 Ra8 33. h4 Bc8 34. Kh2 Ra7
35. Bh3 Bxh3 36. Kxh3 Nd6 37. Kg2 Nf7 38. Rd1 Nd8 39. Rxd8 1-0

[Event "SV Welper 1 - Weiße Dame Borbeck 1"]
[Site "Regionalliga 2017/2018"]
[Date "2018.01.21"]
[Round "5.2"]
[White "Fuellgrabe, Thomas"]
[Black "Hillenbrand, Michael"]
[Result "1-0"]
[WhiteElo "2223"]
[BlackElo "2101"]
[PlyCount "81"]
[EventDate "2018.??.??"]

1. e4 g6 2. d4 Bg7 3. Nc3 d6 4. f4 c6 5. Nf3 Bg4 6. Be3 Nd7 7. h3 Bxf3 8. Qxf3
Qa5 9. e5 e6 10. O-O-O d5 11. g4 Ne7 12. Bd3 c5 13. Bb5 c4 14. f5 gxf5 15. gxf5
Nxf5 16. Nxd5 O-O-O 17. Bxc4 exd5 18. Qxf5 dxc4 19. Qxf7 Qxa2 20. c3 Nb6 21.
Rh2 Rd7 22. Qf5 Rf8 23. Qe4 Qa1+ 24. Kc2 Qa4+ 25. Kc1 Qc6 26. Qg4 Bh6 27. Bd2
Bxd2+ 28. Rhxd2 Nd5 29. Re1 Qa4 30. e6 Re7 31. Qe4 Qc6 32. Kc2 Rfe8 33. Qf5
Qa4+ 34. Kb1 Qb5 35. Re5 Rd8 36. Kc1 Kb8 37. Rg2 Qb3 38. Rxd5 Rde8 39. Re5 a5
40. Rb5 Qa4 41. Qe5+ 1-0

[Event "SV Welper 1 - Weiße Dame Borbeck 1"]
[Site "Regionalliga 2017/2018"]
[Date "2018.01.21"]
[Round "5.3"]
[White "Klasmeier, Jens"]
[Black "Kemna, Guido"]
[Result "0-1"]
[WhiteElo "2095"]
[BlackElo "2153"]
[PlyCount "90"]
[EventDate "2018.??.??"]

1. e4 d5 2. exd5 Qxd5 3. Nc3 Qa5 4. d4 Nf6 5. Bc4 c6 6. Nf3 Bf5 7. Bd2 Nbd7 8.
Qe2 Qc7 9. O-O-O e6 10. Nh4 Bg6 11. Bxe6 fxe6 12. Qxe6+ Kd8 13. Nxg6 hxg6 14.
Rhe1 Bb4 15. Qf7 Nf8 16. Qc4 Bxc3 17. Qxc3 Qd7 18. Bg5 N8h7 19. Qg3 Nxg5 20.
Qxg5 Qf5 21. Qg3 Nd5 22. Kb1 Kd7 23. Re5 Qf6 24. c4 Ne7 25. d5 cxd5 26. cxd5
Nf5 27. Qf4 Rh4 28. g4 Rxg4 29. Qxg4 Qxe5 30. Qa4+ Kd8 31. d6 Nxd6 32. Qb4 Kc7
33. Re1 Qf5+ 34. Ka1 Re8 35. Rc1+ Kd7 36. Qa4+ Qb5 37. Qg4+ Re6 38. Re1 Qc4 39.
Qh3 b5 40. Kb1 a5 41. Rc1 Qe4+ 42. Ka1 a4 43. Qc3 Re7 44. f3 Qe2 45. Qc6+ Ke6
0-1

[Event "SV Welper 1 - Weiße Dame Borbeck 1"]
[Site "Regionalliga 2017/2018"]
[Date "2018.01.21"]
[Round "5.4"]
[White "Adiyaman, Rene"]
[Black "Dewenter, Ulf"]
[Result "0-1"]
[WhiteElo "2115"]
[BlackElo "2120"]
[PlyCount "76"]
[EventDate "2018.??.??"]

1. e4 e6 2. d4 d5 3. exd5 exd5 4. Bd3 Nc6 5. c3 Bd6 6. Ne2 Nf6 7. Nd2 O-O 8.
O-O Re8 9. Ng3 Ne7 10. f4 c5 11. Nf3 Bg4 12. dxc5 Bxc5+ 13. Kh1 Qd7 14. Qc2
Bxf3 15. Rxf3 d4 16. Bd2 Ned5 17. cxd4 Bxd4 18. Qb3 a6 19. Rd1 Bc5 20. h3 Rad8
21. Rc1 Ba7 22. Ba5 b6 23. Bd2 b5 24. Ba5 Rc8 25. Rd1 Qc6 26. Bf5 Rb8 27. Bd2
Rbd8 28. Ba5 Rb8 29. Bc3 Nxc3 30. Rxc3 Qb6 31. Rdc1 Qf2 32. Ne4 Nxe4 33. Rc7
Nd6 34. Bxh7+ Kxh7 35. Qd3+ Kg8 36. Qxd6 Re1+ 37. Kh2 Qg1+ 38. Kg3 Qe3+ 0-1

[Event "SV Welper 1 - Weiße Dame Borbeck 1"]
[Site "Regionalliga 2017/2018"]
[Date "2018.01.21"]
[Round "5.5"]
[White "Poetter, Clemens"]
[Black "Bastians, Felix"]
[Result "1-0"]
[WhiteElo "1983"]
[BlackElo "2099"]
[PlyCount "105"]
[EventDate "2018.??.??"]

1. d4 c5 2. e3 Nf6 3. Nf3 e6 4. c4 d5 5. Nc3 Nc6 6. a3 Be7 7. dxc5 Bxc5 8. b4
Be7 9. Bb2 O-O 10. cxd5 exd5 11. Be2 Be6 12. O-O Rc8 13. b5 Na5 14. Qa4 Qb6 15.
Nd4 Nc4 16. Bxc4 Rxc4 17. Qb3 Rfc8 18. Rac1 Qd6 19. Nce2 Ne4 20. Qd3 Nc5 21.
Qb1 Na4 22. Rxc4 dxc4 23. Nxe6 Qxe6 24. Nf4 Qd6 25. Rd1 c3 26. Rxd6 c2 27. Qc1
Bxd6 28. Ne2 Rc4 29. Kf1 h6 30. Ke1 Bc7 31. Qa1 Ba5+ 32. Kf1 Nxb2 33. Qxb2 Bd2
34. Nc1 Kf8 35. Ke2 Ba5 36. Qe5 Rc8 37. Qf5 Rc7 38. h4 Bb6 39. Qd3 Kg8 40. g4
Rc8 41. h5 Ba5 42. Qf5 Rc7 43. f4 Bb6 44. Qe4 Kf8 45. g5 Rc5 46. gxh6 gxh6 47.
f5 f6 48. Qf4 Ke7 49. e4 Rxb5 50. Qxh6 Bd4 51. Qd2 Be5 52. h6 Rb3 53. Nxb3 1-0

[Event "SV Welper 1 - Weiße Dame Borbeck 1"]
[Site "Regionalliga 2017/2018"]
[Date "2018.01.21"]
[Round "5.6"]
[White "Linde, Wolfgang"]
[Black "Korste, Sebastian"]
[Result "1/2-1/2"]
[WhiteElo "2078"]
[BlackElo "1916"]
[PlyCount "112"]
[EventDate "2018.??.??"]

1. e4 e6 2. d4 d5 3. Nd2 Nf6 4. Bd3 c5 5. c3 cxd4 6. cxd4 Nc6 7. Ngf3 Be7 8.
O-O O-O 9. e5 Nd7 10. Re1 f6 11. exf6 Nxf6 12. Nf1 Bd6 13. h3 Bd7 14. a3 a6 15.
b4 Qc7 16. Bb2 Qb6 17. Ra2 Rae8 18. Ba1 Nd8 19. Bb1 a5 20. bxa5 Qxa5 21. Qd2
Qxd2 22. N1xd2 Bb5 23. Bc3 Nc6 24. Ne5 Bxe5 25. dxe5 Nd7 26. Nf3 Rxf3 27. gxf3
d4 28. Bb4 Ndxe5 29. Be4 Nd3 30. Rd1 Ndxb4 31. axb4 Rd8 32. Bxc6 Bxc6 33. Rad2
e5 34. Re1 Rd5 35. Rc1 Rb5 36. Rc5 Rxc5 37. bxc5 Kf7 38. f4 Kf6 39. fxe5+ Kxe5
40. f4+ Kd5 41. Kf2 Kxc5 42. Ke1 Be4 43. Re2 Kd5 44. Ra2 g6 45. Kd2 h5 46. h4
b5 47. Ra8 b4 48. Rb8 Kc4 49. Rc8+ Kb3 50. Rd8 d3 51. Rc8 Bf5 52. Rc7 Ka4 53.
Rb7 Kb3 54. Rc7 Kb2 55. Rb7 b3 56. Rb6 Be4 1/2-1/2

[Event "SV Welper 1 - Weiße Dame Borbeck 1"]
[Site "Regionalliga 2017/2018"]
[Date "2018.01.21"]
[Round "5.7"]
[White "Friedrich, Patrick"]
[Black "Schaller, Fabian"]
[Result "0-1"]
[WhiteElo "1940"]
[BlackElo "1985"]
[PlyCount "138"]
[EventDate "2018.??.??"]

1. d4 Nf6 2. c4 e6 3. g3 c5 4. d5 exd5 5. cxd5 d6 6. Nc3 a6 7. a4 g6 8. Bg2 Bg7
9. Nf3 O-O 10. O-O Re8 11. Bf4 Qc7 12. Nd2 Nh5 13. Be3 Nd7 14. Nc4 Ne5 15. Na3
Rb8 16. h3 f5 17. f4 Nd3 18. Bf2 Nxf2 19. Rxf2 Bd4 20. Qd3 Bxf2+ 21. Kxf2 Nf6
22. Nc4 Bd7 23. Bf3 b5 24. Nd2 Qb6 25. Kg2 c4 26. Qc2 Rbc8 27. axb5 axb5 28.
Nd1 Kg7 29. b4 cxb3 30. Qxb3 Qd4 31. Ra2 h5 32. e3 Qc5 33. Qd3 b4 34. Nb3 Qc4
35. Qb1 Re7 36. Nd2 Qb5 37. Qb2 Kf7 38. Qd4 Qc5 39. Nb3 Qxd4 40. Nxd4 Ne4 41.
Rb2 Nc3 42. Rxb4 Nxd1 43. Bxd1 Rxe3 44. Rb7 Rd3 45. Rxd7+ Ke8 46. Ba4 Rd2+ 47.
Ne2 Rxe2+ 48. Kf3 Re7 49. Rxd6+ Kf7 50. Rd7 Rc3+ 51. Kg2 Rd3 52. Rxe7+ Kxe7 53.
Bc6 h4 54. gxh4 Kf6 55. h5 gxh5 56. h4 Ke7 57. Bb7 Kd6 58. Bc6 Kc5 59. Be8 Kxd5
60. Bxh5 Ke4 61. Be2 Rd2 62. Kf2 Kxf4 63. h5 Rb2 64. Kf1 Ke3 65. Bc4 Rh2 66.
Bf7 f4 67. Kg1 Rh4 68. Kf1 f3 69. Bd5 Rh1# 0-1

[Event "SV Welper 1 - Weiße Dame Borbeck 1"]
[Site "Regionalliga 2017/2018"]
[Date "2018.01.21"]
[Round "5.8"]
[White "Schaller, Torsten"]
[Black "Kindermann, Carsten"]
[Result "1/2-1/2"]
[WhiteElo "1972"]
[BlackElo "1918"]
[PlyCount "98"]
[EventDate "2018.??.??"]

1. Nf3 d5 2. g3 g6 3. Bg2 Bg7 4. d4 Nf6 5. c4 c6 6. Ne5 O-O 7. Nc3 dxc4 8. Nxc4
Be6 9. Qd3 Na6 10. a3 Qc8 11. e4 Bh3 12. O-O Bxg2 13. Kxg2 Rd8 14. Rd1 Nc5 15.
Qc2 Ne6 16. Ne2 b6 17. f3 Qb7 18. Be3 Rac8 19. b4 Ne8 20. Rac1 Nf8 21. Qb3 Nd7
22. Bf4 Nc7 23. Bg5 Bf8 24. h4 h6 25. Be3 Bg7 26. Nf4 Kh8 27. Ne5 Nxe5 28. dxe5
e6 29. Rxd8+ Rxd8 30. Qc4 Bxe5 31. Qxc6 Qxc6 32. Rxc6 Kg7 33. Ne2 Rd7 34. f4
Bf6 35. Kf3 Nb5 36. a4 Nd4+ 37. Nxd4 Bxd4 38. a5 bxa5 39. bxa5 Bxe3 40. Kxe3
Kf6 41. Rc5 Rb7 42. Kd4 Ke7 43. Kc4 Kd7 44. Rb5 Kc7 45. Kc5 Rxb5+ 46. Kxb5 g5
47. e5 Kb7 48. a6+ Kc7 49. Kc5 Kd7 1/2-1/2

[Event "SV Königsspringer Hamm 1 - SV Horst-Ems"]
[Site "Regionalliga 2017/2018"]
[Date "2018.01.21"]
[Round "5.1"]
[White "Aulich, Marcell"]
[Black "Happel, Heiner"]
[Result "1-0"]
[WhiteElo "2153"]
[BlackElo "2171"]
[PlyCount "119"]
[EventDate "2018.??.??"]

1. e4 c5 2. Nf3 e6 3. b3 Nc6 4. Nc3 d5 5. Bb5 Nf6 6. exd5 exd5 7. O-O Be7 8.
Re1 O-O 9. h3 Bd7 10. Bb2 d4 11. Ne2 a6 12. Bd3 Nb4 13. Bc4 Bf5 14. Ng3 Bxc2
15. Qe2 Bg6 16. Qxe7 Nc2 17. Qxb7 Nxa1 18. Bxa1 Qd7 19. Qxd7 Nxd7 20. Bb2 Nb6
21. Bf1 a5 22. Rc1 Rfc8 23. Ba3 a4 24. Bxc5 axb3 25. axb3 Nd7 26. b4 Nxc5 27.
bxc5 Ra5 28. c6 d3 29. Nh4 Ra6 30. Nxg6 hxg6 31. c7 Ra7 32. Bxd3 Raxc7 33. Rxc7
Rxc7 34. Kf1 g5 35. Ne4 f6 36. Ke2 Kf7 37. Bc4+ Kg6 38. d3 f5 39. Nc3 Ra7 40.
Nd5 Kh5 41. Kf3 Kh4 42. Ne3 g6 43. d4 Ra4 44. d5 f4 45. g3+ fxg3 46. fxg3+ Kxh3
47. g4 Ra8 48. Bf1+ Kh2 49. Bb5 Rf8+ 50. Ke4 Rd8 51. Ke5 Kg3 52. Ke4 Kh4 53.
Be2 Kg3 54. Nc4 Kf2 55. Bd1 Ra8 56. d6 Ra1 57. Bb3 Ra7 58. Ne5 Kg3 59. Be6 Ra4+
60. Nc4 1-0

[Event "SV Königsspringer Hamm 1 - SV Horst-Ems"]
[Site "Regionalliga 2017/2018"]
[Date "2018.01.21"]
[Round "5.2"]
[White "Frombach, Ralf"]
[Black "Baerwolf, Steven"]
[Result "1-0"]
[WhiteElo "2147"]
[BlackElo "2175"]
[PlyCount "95"]
[EventDate "2018.??.??"]

1. d4 d5 2. c4 e6 3. Nc3 c5 4. cxd5 exd5 5. Nf3 Nc6 6. dxc5 d4 7. Na4 Nf6 8. e3
Bg4 9. Be2 b5 10. Bxb5 Qa5+ 11. Nc3 O-O-O 12. Bxc6 dxc3 13. Qa4 Qxa4 14. Bxa4
Ne4 15. b4 Be7 16. Ne5 Bf6 17. Nxg4 c2 18. Bxc2 Bxa1 19. Bxe4 h5 20. Bf5+ Kc7
21. e4 hxg4 22. Bf4+ Kc6 23. Ke2 Bc3 24. Rb1 Rhe8 25. Bd6 g6 26. b5+ Kb7 27.
Bxg4 Rxe4+ 28. Kd3 Rxg4 29. Kxc3 Rxd6 30. cxd6 Rxg2 31. Rb2 Rxh2 32. Re2 Rh8
33. Kd4 Kb6 34. Kd5 Rh5+ 35. Re5 Rh1 36. Re7 Rd1+ 37. Ke5 Kxb5 38. Rxa7 Re1+
39. Kf6 Re6+ 40. Kg7 Rxd6 41. Rxf7 Ra6 42. f4 Kc5 43. Rf6 Rxa2 44. Kxg6 Rg2+
45. Kf5 Kd5 46. Rf8 Kd6 47. Re8 Kd7 48. Re4 1-0